000 00819nam a2200217Ia 4500
003 GCL
008 140319s9999 xx 000 0 ara d
040 _aGCL /
_cGCL
082 0 4 _aم
_b413.1
_bر م
100 1 _aالرازى ، زين الدين محمد بن ابى
245 1 0 _aمختار الصحاح /
_cالرازى ، زين الدين محمد بن ابى
700 1 _aمحمود خاطر (ترتيب)
260 _a[S.N] :
_bنهضة مصر للطباعة والنشر والتوزيع ،
_c1990
300 _a745 ص
490 _aماذا اعرف
_v0
650 0 4 _aالمترادفات والاضداد
650 0 4 _aاللغة العربية - الالفاظ
650 0 4 _aاللغة العربية - المعاجم
650 0 4 _aاللغة العربية - الاشتقاق
942 _2ddc
_cREF
999 _c59451
_d59451